Discovery: (Record no. 5586)

MARC details
000 -LEADER
fixed length control field 00492nam a2200181Ia 4500
003 - CONTROL NUMBER IDENTIFIER
control field OSt
005 - DATE AND TIME OF LATEST TRANSACTION
control field 20241126110545.0
008 - FIXED-LENGTH DATA ELEMENTS--GENERAL INFORMATION
fixed length control field 160510b xxu||||| |||| 00| 0 eng d
040 ## - CATALOGING SOURCE
Transcribing agency gbc
082 ## - DEWEY DECIMAL CLASSIFICATION NUMBER
Classification number 242.2
Item number DIS
245 ## - TITLE STATEMENT
Title Discovery:
Remainder of title A daily Bible study and Prayer guide
250 ## - EDITION STATEMENT
Edition statement Crusade ed.
260 ## - PUBLICATION, DISTRIBUTION, ETC.
Name of publisher, distributor, etc. World Wide Publications,
Place of publication, distribution, etc. Minnesota:
Date of publication, distribution, etc. 1974
300 ## - PHYSICAL DESCRIPTION
Extent 204 p.;
Dimensions 20 cm.
650 ## - SUBJECT ADDED ENTRY--TOPICAL TERM
Topical term or geographic name entry element Devotional calenders
9 (RLIN) 7530
650 ## - SUBJECT ADDED ENTRY--TOPICAL TERM
Topical term or geographic name entry element Devotional literature
9 (RLIN) 489
942 ## - ADDED ENTRY ELEMENTS (KOHA)
Source of classification or shelving scheme Dewey Decimal Classification
Koha item type Books
Holdings
Withdrawn status Lost status Source of classification or shelving scheme Damaged status Not for loan Home library Current Library Shelving location Date acquired Total checkouts Full call number Barcode Date last seen Copy number Price effective from Koha item type
    Dewey Decimal Classification     GRACE BIBLE COLLEGE GRACE BIBLE COLLEGE Ministry & Mission 2018-03-27   242.2 DIS 001047 2025-05-01 c.1 2018-03-27 Books
    Dewey Decimal Classification     GRACE BIBLE COLLEGE GRACE BIBLE COLLEGE Ministry & Mission 2018-04-24   242.2 DIS 001052 2025-05-01 c.2 2018-04-24 Books
    Dewey Decimal Classification     GRACE BIBLE COLLEGE GRACE BIBLE COLLEGE Ministry & Mission 2018-05-02   242.2 DIS 001053 2025-05-01 c.3 2018-05-02 Books
© Grace Bible College Library 2025